00736nam a2200241 a 4500001001300000003000900013005001700022008004100039020001000080082001600090100003700106245002700143260005200170300000800222500003500230505002300265650002300288700003700311902000800348942000700356952011600363999001500479nice12345678IN_TiNIC20260116011753.0050524s1981 hyda grp 000 0 ara  ac10000a492.75bEDI aEdidtorial Board Jamia Nizamia,  aJama-I-Nizamia Islamia aHyderabadbJamia Nizamia-O-Qari Nashargahc1981 a22p aincludes index and biblioraphy2 aGlossary and Index aArabic-Course Book1 aEdidtorial Board Jamia Nizamia,  bSRS cBK 001040708StackRoom-aHMIbHMId2007-06-07g100.00l0o492.75 EDIp09833r2007-06-07v100.00w2005-05-24yBK c3838d3838